Top 50 Most Popular Musical Artists of 2021 - Statistics

General Stats
  • This quiz has been taken 1,410 times
  • The average score is 12 of 50
Answer Stats
Hint Answer % Correct
30 Taylor Swift
86%
1 Drake
72%
6 Ariana Grande
65%
4 Justin Bieber
63%
3 the Weeknd
62%
18 Ed Sheeran
54%
2 Olivia Rodrigo
53%
21 Billie Eilish
49%
28 Kanye West
49%
10 Dua Lipa
47%
23 Cardi B
45%
5 Doja Cat
43%
17 Bruno Mars/Silk Sonic
38%
9 Lil Nas X
38%
11 BTS
37%
48 Travis Scott
37%
19 Megan Thee Stallion
33%
33 Bad Bunny
29%
13 SZA
28%
7 DaBaby
22%
8 Lil Baby
21%
16 the Kid LAROI
20%
38 Future
19%
27 Jack Harlow
19%
36 21 Savage
16%
24 J. Cole
14%
49 Charlie Puth
13%
20 Pop Smoke
13%
41 Glass Animals
12%
47 Morgan Wallen
12%
26 Polo G
12%
29 Chris Brown
10%
45 Gunna
9%
15 Young Thug
9%
12 Lil Durk
8%
31 Luke Combs
8%
22 24kgoldn/iann dior
7%
39 Lil Tjay
7%
14 Giveon
6%
43 Saweetie
5%
44 Chance the Rapper
4%
34 Masked Wolf
4%
37 6lack
3%
25 Daniel Caesar
3%
46 Tems
3%
50 Wizkid
3%
40 Gabby Barrett
2%
42 Jhay Cortez
2%
35 Pooh Shiesty
2%
32 Walker Hayes
2%
No matching quizzes found
Score Distribution
Percent of People with Each Score
Percentile by Number Answered
Your Score History
You have not taken this quiz